000
00322nam a22001337a 4500
008
171005b xxu||||| |||| 00| 0 eng d
020
_a
9781256781134
041
_a
eng
080
_a
159.9
100
_a
49
101
_a
PSI
245
_a
A WARRIOR'S GUIDE TO PSYCHOLOGY AND PERFORMANCE
_c
MASTROIANNI,G
942
_2
udc
_c
BK
999
_c
32136
_d
32136